On This Day: July 1st II Quiz Stats

 Plays Quiz Updated Jul 1, 2018

Score 0/7 Timer 03:00
1 Play Today
Question Answer Wrong Answers
The ______ Pact, the mutual defense treaty originally signed in 1955 by the Soviet Union and some of its European satellite states, is dissolved.
1991
Warsaw
88.4%
Ukranian
1.1%
Sino-Soviet
6.3%
Cuban-Soviet
2.5%
The Battle of San Juan Hill, a decisive battle of the Spanish-American War, takes place in Cuba with this future US President as a participant.
1898
Theodore Roosevelt
83.3%
William McKinley
8.2%
John F. Kennedy
1.9%
Dwight Eisenhower
5.4%
The Netherlands abolish slavery in this South American colony, which would not become fully independent until 1975.
1863
Suriname
82.3%
Peru
4.2%
Brazil
4.6%
Uruguay
8.8%
This executive department of the US government officially comes into existence some 80 years after the department’s head office, the Attorney General, had been created.
1870
Department of Justice
81.2%
Department of State
9.4%
Department of the Interior
4.5%
Department of the Treasury
3.9%
Three British colonies are combined into a single Dominion within the British Empire known as ______, now the second largest country in the world by total area.
1867
Canada
68.4%
Australia
12.4%
India
15.2%
China
3.7%
This US track and field athlete, who won 9 Olympic gold medals as a sprinter and long jumper and was named Olympian of the Century by Sports Illustrated, is born.
1961
Carl Lewis
61.9%
Jesse Owens
19.5%
Jackie Joyner-Kersee
8.6%
Florence Griffith-Joyner
8.5%
The MPAA introduces this option to its film rating system. The war film Red Dawn would become the first movie to earn the classification a month later.
1984
PG-13
51.2%
PG
5.7%
R
18.4%
NC-17
23.1%

You're not logged in!

Compare scores with friends on all Sporcle quizzes.
OR
Log In

Sporcle TV

Today on Sporcle TV


Watch our educational content, quiz creation guides, and fun videos on Sporcle TV.

Show Comments

Extras

Top Quizzes Today


Score Distribution

Your Account Isn't Verified!

In order to create a playlist on Sporcle, you need to verify the email address you used during registration. Go to your Sporcle Settings to finish the process.

Report this User

Report this user for behavior that violates our Community Guidelines.

Details: